Sports Quiz

Random Sports or Football Quiz
Score 0/22 Timer 06:00
0 Plays Today
Hint Answer % Correct
RG (59)Sitar
87.5%
QB (9)Teel
87.5%
DT (59)Sitar
87.5%
C (63)Kayal
75%
LT (55)Pierro
75%
RT (77)Kezmarsky
75%
L (8)Van Duren
75%
S (20)Tremblay
75%
H (11)Cabrera
75%
B (1)Peltekian
75%
DN (77)Kezmarsky
75%
Hint Answer % Correct
Y (55)Pierro
75%
DE (35)Salute
75%
MLB (11)Cabrera
75%
S (24)Kelly
75%
W (2)Baer
75%
CB (20)Tremblay
75%
BC (8)Van Duren
75%
SS (1)Peltekian
75%
FS (29)McClanahan
75%
LG (52)Mikardos
62.5%
R (19)Kittle
62.5%
Remove Ads.
Support Sporcle.
Get the best of Sporcle when you Go Orange. This ad-free experience offers more features, more stats, and more fun while also helping to support Sporcle. Thank you for becoming a member.

You're not logged in!

Compare scores with friends on all Sporcle quizzes.
OR
Log In

Show Comments

Extras

Top Quizzes Today


Score Distribution

Your Account Isn't Verified!

In order to create a playlist on Sporcle, you need to verify the email address you used during registration. Go to your Sporcle Settings to finish the process.

Report this User

Report this user for behavior that violates our Community Guidelines.

Details: